00529 2200205 4500001002100000005001700021008004100038020001800079035002400097090001800121100001700139245002500156250001000181260003100191300002700222650004100249850001200290985000600302999001500308YOGYA-0209000005136720090227032712.0 ind  a979-497-664-4 0010-020900000051367 a728bSuh KlT aSUHARSO. Asp aKamar MandicSuharto aCet.1 aYogyakartabKanisiusc1997 a35 hlmbilusc20x22 cm aTata Ruang Kamar mandi - Kamar mandi aYOPDYOG a1 a98P0103933